Cytotoxická aktivita lipofilných derivátov rutínu

Enregistré dans:
Détails bibliographiques
Auteur principal: Čambálová, Vladimíra
Format: Livre
Langue:slovaque
Publié: Bratislava STU FCHPT 2011
Accès en ligne:Voir à l'OPAC
Tags: Ajouter un tag
Pas de tags, Soyez le premier à ajouter un tag!

MARC

LEADER 00000nam a2200000 a 4500
005 20260127134012.0
008 110624 2011 xo 000 0 slo d
035 |a vtls010288368 
039 9 |a 201106241058  |b mschk03  |y 201106241050  |z mschk03 
040 |a STUSCHK1  |b slo  |c STUSCHK1  |e AACR2 
100 1 |a Čambálová, Vladimíra 
245 1 |a Cytotoxická aktivita lipofilných derivátov rutínu  |c Vladimíra Čambálová 
260 |a Bratislava  |b STU FCHPT  |c 2011 
300 |a 69 s.  |b il.  |c 30cm 
500 |a Obháj.: 7.6. 2011 
500 |a Študijný program: biotechnológia 
500 |a Študijný odbor: 5.2.25 biotechnológie 
500 |a Miesto vypracovania: Oddelenie biochémie a mikrobiológie, FCHPT STU 
500 |a Evidenčné číslo: FCHPT-5421-40700 
910 |a SCHK95 
999 |c 1899  |d 1899